000 00286nam a22001097a 4500
008 170110b xxu||||| |||| 00| 0 eng d
020 _a9780721647876
041 _aeng
080 _a618.2
245 _aLABORATORY TESTING FOR AMBULATORY SETTINGS
_cGARRELS, M & OATIS, C.S
942 _2udc
_cBK
999 _c2631
_d2631